[Event "Geller Memorial"]
[Site "Moscow"]
[Date "1999.02.06"]
[Round "5.61"]
[White "Nemtsev, Igor"]
[Black "Riazantsev, Alexander"]
[Result "0-1"]
[WhiteElo "2220"]
[BlackElo "2387"]
[PlyCount "74"]
[EventDate "1999.02.02"]

1. d4 d6 2. c4 Nd7 3. e4 e5 4. Ne2 g6 5. Nbc3 Bg7 6. Be3 Ne7 7. Ng3 O-O 8. Be2
Nc6 9. dxe5 dxe5 10. O-O Nd4 11. Qd2 Nc5 12. Rad1 Nce6 13. f4 exf4 14. Bxf4
Nxf4 15. Qxf4 c6 16. Kh1 Qe7 17. Bd3 Be5 18. Qh6 Bg4 19. Rde1 Rad8 20. c5 Bg7
21. Qf4 Ne6 22. Qxg4 Rxd3 23. e5 Nxc5 24. Qc4 Rd7 25. Re2 b5 26. Qg4 Nd3 27. e6
fxe6 28. Rxf8+ Bxf8 29. h4 Qf7 30. Nce4 Be7 31. Kh2 Ne5 32. Qh3 h5 33. Ng5 Bxg5
34. Rxe5 Bf4 35. Re4 Rd3 36. Rxf4 Qxf4 37. Qxe6+ Kg7 0-1

[Event "Geller Memorial"]
[Site "Moscow"]
[Date "1999.02.06"]
[Round "5.62"]
[White "Bakhtadze, Giorgi"]
[Black "Zhadanov, Nikolay"]
[Result "1-0"]
[WhiteElo "2384"]
[BlackElo "2230"]
[PlyCount "61"]
[EventDate "1999.02.02"]

1. e4 e6 2. d3 c5 3. Nf3 Nc6 4. g3 g6 5. Bg2 Bg7 6. O-O Nge7 7. c3 d5 8. Qe2 b6
9. h4 h5 10. Re1 d4 11. e5 dxc3 12. Nxc3 Ba6 13. Rd1 Rc8 14. Bg5 Nd4 15. Nxd4
Qxd4 16. Re1 Nc6 17. Bxc6+ Rxc6 18. Rad1 O-O 19. Be7 Re8 20. Bf6 Bxf6 21. Qf3
Bb7 22. Qxf6 Rc7 23. Ne4 Bxe4 24. dxe4 Qxb2 25. Rd8 Rc8 26. Rd7 Rf8 27. g4 hxg4
28. h5 g3 29. fxg3 Qc3 30. Kf2 gxh5 31. Qg5+ 1-0

[Event "Geller Memorial"]
[Site "Moscow"]
[Date "1999.02.06"]
[Round "5.63"]
[White "Yemelin, Vasily"]
[Black "Bondar, Anatoly T."]
[Result "1-0"]
[WhiteElo "2550"]
[BlackElo "2303"]
[PlyCount "131"]
[EventDate "1999.02.02"]

1. e4 Nc6 2. Nf3 d6 3. d4 Nf6 4. Nc3 g6 5. Bb5 a6 6. Bxc6+ bxc6 7. h3 Bg7 8.
Be3 Rb8 9. Rb1 Bb7 10. Nd2 O-O 11. O-O Nd7 12. Nc4 f5 13. f3 e5 14. Na5 Ba8 15.
d5 cxd5 16. exd5 Qf6 17. Qe2 Nc5 18. Nc6 Bxc6 19. dxc6 Qe6 20. b4 e4 21. Qd2 f4
22. Bxc5 dxc5 23. Qd5 Qxd5 24. Nxd5 e3 25. Nxc7 Rxb4 26. Rxb4 cxb4 27. Nd5 Bc3
28. Rb1 Re8 29. Nxc3 bxc3 30. c7 e2 31. Kf2 Kf7 32. Ke1 Rc8 33. Rb7 Ke6 34.
Kxe2 Kd7 35. Ra7 Re8+ 36. Kd3 Re3+ 37. Kd4 Kc8 38. Ra8+ Kxc7 39. Ra7+ Kb6 40.
Rxh7 Re2 41. Kxc3 Rxg2 42. Rh6 Rg3 43. Kb4 Rxf3 44. Rxg6+ Kb7 45. h4 Rh3 46.
Rg8 Rf3 47. c4 Rf1 48. Kc5 f3 49. Rg7+ Kb8 50. Rf7 f2 51. a4 Rh1 52. Rxf2 Rxh4
53. Rf6 Kb7 54. Rb6+ Ka7 55. Rd6 Kb7 56. Rd7+ Kb8 57. Rd4 Rh1 58. Kc6 Rh6+ 59.
Rd6 Rh4 60. Rd8+ Ka7 61. Rd7+ Kb8 62. c5 Rxa4 63. Rd8+ Ka7 64. Kc7 Rh4 65. Rd7
a5 66. Kc8+ 1-0

[Event "Geller Memorial"]
[Site "Moscow"]
[Date "1999.02.06"]
[Round "5.86"]
[White "Tuturin, Sergey"]
[Black "Vnuk, Igor"]
[Result "0-1"]
[WhiteElo "2248"]
[BlackElo "2119"]
[PlyCount "88"]
[EventDate "1999.02.02"]

1. e4 e6 2. d4 d5 3. exd5 exd5 4. Nf3 Bd6 5. c4 c6 6. Nc3 Ne7 7. Bd3 O-O 8. O-O
dxc4 9. Bxc4 Nd7 10. Ne4 Nb6 11. Bd3 Ng6 12. Nfg5 h6 13. Qh5 Nf4 14. Nxd6 Qxd6
15. Bxf4 Qxf4 16. Nf3 Nd5 17. h3 g6 18. Qe5 Bxh3 19. Qxf4 Nxf4 20. gxh3 Nxd3
21. Rad1 Nf4 22. Kh2 Rad8 23. Rfe1 Ne6 24. Re5 Rd6 25. Kg3 Rfd8 26. a3 Nxd4 27.
Nxd4 Rxd4 28. Rxd4 Rxd4 29. Re8+ Kg7 30. Re3 c5 31. Kg2 Rd2 32. Rc3 Rxb2 33.
Rxc5 b5 34. a4 a6 35. Rc6 Ra2 36. Rxa6 Rxa4 37. Rb6 Rb4 38. Rb7 g5 39. Rb6 f6
40. h4 gxh4 41. Kh3 Kg6 42. f3 Kf5 43. f4 Kxf4 44. Rxf6+ Ke3 0-1

[Event "Geller Memorial"]
[Site "Moscow"]
[Date "1999.02.07"]
[Round "6.4"]
[White "Iljushin, Alexei"]
[Black "Poluljahov, Aleksandr"]
[Result "0-1"]
[WhiteElo "2484"]
[BlackElo "2566"]
[PlyCount "40"]
[EventDate "1999.02.02"]

1. d4 d5 2. c4 e6 3. Nf3 c6 4. Qc2 Nf6 5. g3 dxc4 6. Qxc4 b5 7. Qc2 Bb7 8. Bg2
Nbd7 9. O-O c5 10. Rd1 Rc8 11. Qb3 Qb6 12. Nc3 a6 13. Be3 Ng4 14. a3 Nxe3 15.
fxe3 Be7 16. Rac1 O-O 17. Ne1 Bg5 18. Na2 cxd4 19. Rxd4 Nc5 20. Qc3 Bf6 0-1

[Event "Geller Memorial"]
[Site "Moscow"]
[Date "1999.02.07"]
[Round "6.6"]
[White "Nikolenko, Oleg"]
[Black "Ivanov, Victor L"]
[Result "1-0"]
[WhiteElo "2510"]
[BlackElo "2427"]
[PlyCount "53"]
[EventDate "1999.02.02"]

1. e4 c6 2. d4 d5 3. Nc3 dxe4 4. Nxe4 Bf5 5. Ng3 Bg6 6. Nf3 Nd7 7. h4 h6 8. h5
Bh7 9. Bd3 Bxd3 10. Qxd3 e6 11. Bf4 Ngf6 12. O-O-O Be7 13. c4 O-O 14. Ne5 Qa5
15. Kb1 Rad8 16. Qe2 Qa6 17. Ng6 Rfe8 18. Nxe7+ Rxe7 19. Nf5 Ree8 20. Nd6 Re7
21. Rh3 Qa5 22. Rdd3 Qb6 23. Rhg3 Kf8 24. c5 Qc7 25. Rxg7 Kxg7 26. Rg3+ Kh7 27.
Qc2+ 1-0

[Event "Geller Memorial"]
[Site "Moscow"]
[Date "1999.02.07"]
[Round "6.10"]
[White "Goloshchapov, Alexander"]
[Black "Volzhin, Alexander"]
[Result "1/2-1/2"]
[WhiteElo "2446"]
[BlackElo "2543"]
[PlyCount "75"]
[EventDate "1999.02.02"]

1. e4 c5 2. Nf3 Nc6 3. d4 cxd4 4. Nxd4 Nf6 5. Nc3 e5 6. Ndb5 d6 7. Bg5 a6 8.
Na3 b5 9. Bxf6 gxf6 10. Nd5 Bg7 11. c3 f5 12. exf5 Bxf5 13. Nc2 O-O 14. Nce3
Be6 15. Bd3 f5 16. Qh5 e4 17. Bc2 Ne7 18. Rd1 b4 19. cxb4 Nxd5 20. Nxd5 Bxb2
21. O-O Be5 22. Kh1 Kh8 23. f3 Rc8 24. Bb1 Bf7 25. Qh6 exf3 26. gxf3 Bxd5 27.
Rxd5 Rc4 28. Qd2 Bxh2 29. f4 Bg3 30. Qb2+ Qf6 31. Qxf6+ Rxf6 32. a3 Bxf4 33.
Bd3 Rc1 34. Rxc1 Bxc1 35. Rxf5 Rh6+ 36. Kg2 Bxa3 37. b5 axb5 38. Rxb5 1/2-1/2

[Event "Geller Memorial"]
[Site "Moscow"]
[Date "1999.02.07"]
[Round "6.15"]
[White "Virovlansky, Semen"]
[Black "Kalugin, Sergei"]
[Result "0-1"]
[WhiteElo "2410"]
[BlackElo "2497"]
[PlyCount "56"]
[EventDate "1999.02.02"]

1. e4 c5 2. Nf3 Nc6 3. d4 cxd4 4. Nxd4 Nf6 5. Nc3 d6 6. Be3 e6 7. Bc4 Be7 8.
Bb3 a6 9. Qe2 Qc7 10. O-O-O b5 11. Kb1 Na5 12. a3 Nxb3 13. cxb3 Bb7 14. Rc1 Qb8
15. f3 O-O 16. g4 Re8 17. g5 Nd7 18. h4 d5 19. exd5 exd5 20. b4 Bd6 21. Qd2 a5
22. Ncxb5 axb4 23. Nf5 Bf8 24. Bf4 Ne5 25. Nc7 Nxf3 26. Qd3 d4 27. Nxe8 Qxf4
28. Ned6 Bxd6 0-1

[Event "Geller Memorial"]
[Site "Moscow"]
[Date "1999.02.07"]
[Round "6.18"]
[White "Reprintsev, Alexander"]
[Black "Gavritenkov, Sergei"]
[Result "0-1"]
[WhiteElo "2470"]
[BlackElo "2312"]
[PlyCount "46"]
[EventDate "1999.02.02"]

1. e4 e5 2. f4 d5 3. exd5 e4 4. d3 Nf6 5. Qe2 Bf5 6. dxe4 Nxe4 7. Nc3 Qe7 8.
Bd2 Nd7 9. O-O-O O-O-O 10. g4 Nxc3 11. Bxc3 Be4 12. Bg2 Bxg2 13. Qxg2 Nb6 14.
Nh3 Qc5 15. Ng5 Qc4 16. Kb1 Nxd5 17. Be5 Be7 18. Qf2 f6 19. Qxa7 Nb6 20. Qa5
Bb4 21. Rxd8+ Rxd8 22. b3 Bxa5 23. bxc4 fxe5 0-1

[Event "Geller Memorial"]
[Site "Moscow"]
[Date "1999.02.07"]
[Round "6.19"]
[White "Moiseenko, Alexander"]
[Black "Vorotnikov, Vladislav V"]
[Result "1/2-1/2"]
[WhiteElo "2419"]
[BlackElo "2463"]
[PlyCount "115"]
[EventDate "1999.02.02"]

1. d4 Nf6 2. c4 d6 3. Nf3 Bg4 4. g3 Bxf3 5. exf3 c6 6. Bg2 d5 7. b3 g6 8. O-O
Bg7 9. Bb2 O-O 10. Nd2 a5 11. f4 a4 12. Re1 e6 13. c5 Na6 14. Bc3 Nd7 15. b4
Nc7 16. Rc1 a3 17. Ba1 b6 18. Bf1 bxc5 19. bxc5 f6 20. Bd3 Qe7 21. Rb1 e5 22.
Rb7 Qd8 23. Qc2 e4 24. Bf1 f5 25. Qb3 Kh8 26. Qe3 Re8 27. Reb1 Ne6 28. R7b4 Bf6
29. f3 g5 30. fxg5 Bxg5 31. f4 Bf6 32. Bh3 Ng7 33. R4b3 Nf8 34. Rb6 Qc8 35. Kh1
h5 36. Qe2 Kg8 37. Nf1 Ng6 38. Ne3 Ne7 39. Qd1 Qe6 40. Rb7 Rf8 41. Bc3 Qc8 42.
R1b3 Kh7 43. Qc1 Kg6 44. R7b4 Qa6 45. Bf1 Qc8 46. Rxa3 Rxa3 47. Qxa3 h4 48. Qb2
hxg3 49. hxg3 Rh8+ 50. Kg1 Ne6 51. a4 Qg8 52. a5 Kf7 53. Qg2 Qg7 54. Nc2 Rg8
55. Qf2 Nxc5 56. a6 Ne6 57. a7 Ra8 58. Rb7 1/2-1/2

[Event "Geller Memorial"]
[Site "Moscow"]
[Date "1999.02.07"]
[Round "6.20"]
[White "Nureev, Garun"]
[Black "Vokarev, Sergey"]
[Result "0-1"]
[WhiteElo "2380"]
[BlackElo "2462"]
[PlyCount "56"]
[EventDate "1999.02.02"]

1. e4 c5 2. Nf3 Nc6 3. g3 g6 4. Bg2 Bg7 5. O-O d6 6. c3 e5 7. Na3 Nge7 8. d4
exd4 9. cxd4 Nxd4 10. Nxd4 cxd4 11. b3 O-O 12. Bb2 Nc6 13. Nb5 Qb6 14. Nxd6 Be6
15. g4 Rfd8 16. Nf5 gxf5 17. gxf5 Bc4 18. Re1 Ne5 19. Ba3 Ba6 20. Kh1 d3 21.
Rg1 d2 22. Bf1 Bxf1 23. Bb2 f6 24. Rxf1 Rac8 25. Rb1 Qc6 26. Qe2 Qc2 27. Rfd1
Qd3 28. Qxd3 Rxd3 0-1

[Event "Geller Memorial"]
[Site "Moscow"]
[Date "1999.02.07"]
[Round "6.21"]
[White "Solovjov, Sergey"]
[Black "Kachar, Vladimir"]
[Result "0-1"]
[WhiteElo "2447"]
[BlackElo "2390"]
[PlyCount "58"]
[EventDate "1999.02.02"]

1. e4 c5 2. Nf3 e6 3. d4 cxd4 4. Nxd4 Nf6 5. Nc3 d6 6. f4 a6 7. Qf3 Qc7 8. Be3
b5 9. a3 Nbd7 10. g4 Nb6 11. g5 Nfd7 12. f5 Ne5 13. Qg3 Na4 14. Nxa4 bxa4 15.
g6 hxg6 16. fxe6 Bxe6 17. Nxe6 fxe6 18. O-O-O Be7 19. Bh3 Rc8 20. c3 Qc4 21.
Bd4 Bf6 22. Rhf1 Ke7 23. Kb1 Rb8 24. Bxe5 Bxe5 25. Qf2 Qxe4+ 26. Ka1 Rhf8 27.
Qa7+ Rb7 28. Qxa6 Rxb2 29. Rc1 Rfb8 0-1

[Event "Geller Memorial"]
[Site "Moscow"]
[Date "1999.02.07"]
[Round "6.22"]
[White "Zaitsev, Vadim"]
[Black "Volkov, Sergey"]
[Result "0-1"]
[WhiteElo "2412"]
[BlackElo "2587"]
[PlyCount "68"]
[EventDate "1999.02.02"]

1. e4 e6 2. d4 d5 3. exd5 exd5 4. Nf3 Nc6 5. Bd3 Nb4 6. Be2 Bf5 7. Na3 Nc6 8.
O-O Bxa3 9. bxa3 Nge7 10. Rb1 b6 11. Nh4 Be4 12. f3 Bg6 13. f4 Be4 14. f5 Qd6
15. g3 O-O-O 16. Rb3 Qf6 17. Be3 Na5 18. Rc3 Nc4 19. Bxc4 dxc4 20. Qg4 Nd5 21.
Qxe4 Rhe8 22. Qf3 Nxc3 23. Qa8+ Kd7 24. Qf3 Qc6 25. Qf2 Kc8 26. Nf3 Qe4 27. Re1
Qxf5 28. Qg2 Qd5 29. Qh3+ Kb8 30. Kf2 Qe4 31. Ne5 f6 32. Nf3 Qxc2+ 33. Kf1 Qd3+
34. Kf2 Rxe3 0-1

[Event "Geller Memorial"]
[Site "Moscow"]
[Date "1999.02.07"]
[Round "6.23"]
[White "Hait, Alexander"]
[Black "Kharitonov, Andrei Y"]
[Result "0-1"]
[WhiteElo "2400"]
[BlackElo "2562"]
[PlyCount "96"]
[EventDate "1999.02.02"]

1. e4 c5 2. Nf3 d6 3. d4 cxd4 4. Nxd4 Nf6 5. Nc3 e6 6. Be2 Be7 7. O-O Nc6 8.
Be3 Bd7 9. f4 Nxd4 10. Bxd4 Bc6 11. Qd3 O-O 12. Qg3 g6 13. Bf3 b5 14. Rae1 b4
15. Nd1 d5 16. e5 Ne4 17. Qh3 Bb5 18. Be2 Bxe2 19. Rxe2 Qa5 20. Nf2 Qxa2 21.
Nxe4 dxe4 22. Qe3 Rfd8 23. Qxe4 Rac8 24. c3 a5 25. g4 Bc5 26. Bxc5 Rxc5 27.
cxb4 Rc4 28. Qf3 Rxb4 29. f5 Qd5 30. fxg6 Qxf3 31. gxh7+ Kxh7 32. Rxf3 Rxg4+
33. Kf2 Kg6 34. Rf6+ Kg7 35. Kf3 Rg1 36. Ke4 Rd5 37. Rf3 Rg5 38. Rg3 Rdxe5+ 39.
Kf4 Ref5+ 40. Ke4 Rxg3 41. hxg3 Kg6 42. g4 Rf1 43. Kd3 Rf4 44. Re5 a4 45. g5
Rf5 46. Re4 Ra5 47. Rf4 a3 48. bxa3 Rxa3+ 0-1

[Event "Geller Memorial"]
[Site "Moscow"]
[Date "1999.02.07"]
[Round "6.26"]
[White "Landa, Konstantin"]
[Black "Potkin, Vladimir"]
[Result "1-0"]
[WhiteElo "2542"]
[BlackElo "2400"]
[PlyCount "85"]
[EventDate "1999.02.02"]

1. e4 e6 2. d4 d5 3. Nc3 Bb4 4. e5 c5 5. a3 Bxc3+ 6. bxc3 Ne7 7. Qg4 O-O 8. Bd3
f5 9. exf6 Rxf6 10. Bg5 Rf7 11. Qh4 h6 12. Bxe7 Rxe7 13. Nf3 Nc6 14. O-O c4 15.
Bg6 Qd6 16. Ne5 Nxe5 17. dxe5 Qc5 18. Rfb1 b6 19. Rb5 Qxb5 20. Qxe7 Qd7 21.
Qxd7 Bxd7 22. h4 Be8 23. h5 Bxg6 24. hxg6 Rf8 25. Rf1 h5 26. f4 h4 27. Kh2 Rf5
28. Kh3 Rh5 29. Kg4 Rh6 30. f5 exf5+ 31. Kxf5 Kf8 32. Ke6+ Ke8 33. Kd6 Rxg6+
34. e6 Rf6 35. Rb1 Rf2 36. Rh1 g5 37. g3 Rd2 38. gxh4 d4 39. h5 dxc3+ 40. Ke5
Ke7 41. h6 Rd8 42. h7 Rh8 43. Rd1 1-0

[Event "Geller Memorial"]
[Site "Moscow"]
[Date "1999.02.07"]
[Round "6.27"]
[White "Riazantsev, Alexander"]
[Black "Burmakin, Vladimir"]
[Result "1/2-1/2"]
[WhiteElo "2387"]
[BlackElo "2534"]
[PlyCount "128"]
[EventDate "1999.02.02"]

1. d4 d5 2. c4 c6 3. cxd5 cxd5 4. Nf3 Nf6 5. Nc3 a6 6. Bf4 e6 7. e3 Bd6 8. Bxd6
Qxd6 9. Bd3 b5 10. O-O Bb7 11. Qe2 O-O 12. Rac1 Nbd7 13. Rc2 Nb6 14. Rfc1 Rfc8
15. Nb1 Nc4 16. b3 Nb6 17. Rxc8+ Rxc8 18. Rxc8+ Bxc8 19. Qc2 b4 20. Ne5 Bb7 21.
Nd2 h6 22. h3 Nfd7 23. Ndf3 Nf8 24. Be2 f6 25. Nd3 Nbd7 26. Nb2 e5 27. Qd2 Ne6
28. Nh4 e4 29. Nf5 Qf8 30. Bg4 Kf7 31. Nxg7 Qxg7 32. Qxb4 Bc8 33. Qd6 Ndf8 34.
Qxd5 Kg8 35. Qxe4 Qf7 36. Nc4 Bb7 37. Bxe6 Nxe6 38. Qg4+ Ng7 39. Nd6 Qd5 40.
Ne8 Qf7 41. Qxg7+ Qxg7 42. Nxg7 Kxg7 43. g4 Kf7 44. Kh2 Be4 45. Kg3 Bb1 46. a3
Bc2 47. b4 Ke6 48. Kf4 Kd5 49. f3 Kc4 50. e4 Kxd4 51. Kf5 Ke3 52. Kxf6 Kxf3 53.
e5 Kg3 54. e6 Ba4 55. g5 hxg5 56. Kxg5 Kxh3 57. e7 Kg3 58. Kf5 Be8 59. Ke5 Kg4
60. Kd6 Kf5 61. Kc5 Ke6 62. Kb6 Kxe7 63. Kxa6 Kd6 64. b5 Bxb5+ 1/2-1/2

[Event "Geller Memorial"]
[Site "Moscow"]
[Date "1999.02.07"]
[Round "6.29"]
[White "Arkhangelsky, Boris"]
[Black "Ovetchkin, Roman"]
[Result "0-1"]
[WhiteElo "2382"]
[BlackElo "2511"]
[PlyCount "98"]
[EventDate "1999.02.02"]

1. e4 c6 2. Nc3 d5 3. Nf3 dxe4 4. Nxe4 Nf6 5. Nxf6+ gxf6 6. d4 Bg4 7. Be2 Qc7
8. O-O Nd7 9. Nh4 Bxe2 10. Qxe2 e6 11. c4 O-O-O 12. g3 c5 13. d5 Qe5 14. Qf3
Qd4 15. dxe6 fxe6 16. Be3 Qxc4 17. b4 Rg8 18. bxc5 Ne5 19. Qg2 Qd5 20. Rfc1 Nc6
21. Qf1 Qd3 22. Qxd3 Rxd3 23. Ng2 e5 24. Nh4 Rg4 25. Rab1 Rb4 26. Nf5 Kc7 27.
Rxb4 Nxb4 28. Nd6 Kc6 29. Ne4 Nd5 30. Rc2 Be7 31. Bh6 f5 32. Nd2 Rc3 33. Rb2
Bxc5 34. Nb3 Nb6 35. Bd2 Rd3 36. Rc2 Nd7 37. Nxc5 Nxc5 38. Be3 b6 39. Kf1 Ra3
40. h4 h5 41. Ke2 Kd5 42. Bc1 Ra4 43. Be3 Ne4 44. Kf1 b5 45. Kg2 Ra3 46. Bh6 b4
47. Bf8 a5 48. f3 Nc3 49. g4 Ke6 0-1

[Event "Geller Memorial"]
[Site "Moscow"]
[Date "1999.02.07"]
[Round "6.31"]
[White "Goletiani, Rusudan"]
[Black "Kuporosov, Viktor"]
[Result "1/2-1/2"]
[WhiteElo "2310"]
[BlackElo "2485"]
[PlyCount "120"]
[EventDate "1999.02.02"]

1. Nf3 d6 2. d4 Bg4 3. g3 Nd7 4. Bg2 c6 5. O-O Ngf6 6. c4 e5 7. dxe5 dxe5 8.
Nc3 Be7 9. b3 O-O 10. Bb2 Qc7 11. Qc2 Rfe8 12. Rad1 Bh5 13. Nh4 a5 14. h3 Nc5
15. g4 Bg6 16. Nxg6 hxg6 17. Ne4 Nfxe4 18. Bxe4 Bf8 19. Bc3 Qe7 20. Kg2 Qe6 21.
Kh1 Be7 22. e3 Rf8 23. Bg2 e4 24. Bd4 Rfe8 25. Kg1 Bf8 26. Rd2 Nd3 27. Qb1 Bb4
28. Rdd1 f5 29. gxf5 gxf5 30. f4 Rad8 31. Kh1 Rd7 32. Qc2 Red8 33. Kh2 Bc5 34.
Bxc5 Nxc5 35. Rxd7 Rxd7 36. Rd1 b6 37. Rxd7 Qxd7 38. Bf1 Qd6 39. Be2 Kf7 40.
Qc3 Ne6 41. Kg2 Nc5 42. Bh5+ Kf8 43. Be2 Nd3 44. a3 Kf7 45. Bh5+ Kg8 46. Be2
Kh7 47. Kf1 Kg6 48. Bxd3 exd3 49. Ke1 Qxa3 50. Qxd3 a4 51. Qd7 Qc1+ 52. Ke2
Qc2+ 53. Ke1 Qc3+ 54. Ke2 Qc2+ 55. Ke1 Qe4 56. bxa4 Qxe3+ 57. Kd1 Qb3+ 58. Kd2
Qxc4 59. Qe8+ Kf6 60. Qf8+ Kg6 1/2-1/2

[Event "Geller Memorial"]
[Site "Moscow"]
[Date "1999.02.07"]
[Round "6.32"]
[White "Tunik, Gennady"]
[Black "Bakhtadze, Giorgi"]
[Result "1-0"]
[WhiteElo "2474"]
[BlackElo "2384"]
[PlyCount "85"]
[EventDate "1999.02.02"]

1. d4 Nf6 2. c4 g6 3. Nc3 Bg7 4. e4 d6 5. Nf3 O-O 6. Be2 Bg4 7. Be3 Nfd7 8. Rc1
Bxf3 9. Bxf3 Nc6 10. d5 Na5 11. Be2 c5 12. dxc6 Nxc6 13. Qd2 Nc5 14. f3 Ne6 15.
b3 a6 16. O-O Bd4 17. Nd5 Bxe3+ 18. Qxe3 Qa5 19. Rc2 Qc5 20. Rd2 Qxe3+ 21. Nxe3
Ned4 22. Bd3 b5 23. Rc1 Rac8 24. Bf1 f5 25. cxb5 axb5 26. Nd5 Kf7 27. Nb6 Rb8
28. Nd7 Rfd8 29. Nxb8 Rxb8 30. exf5 gxf5 31. Kf2 e5 32. f4 Ke6 33. fxe5 dxe5
34. g3 Ne7 35. Bg2 Ng8 36. a4 Nf6 37. a5 Nxb3 38. Rc6+ Kf7 39. Rdd6 Ng4+ 40.
Ke2 Nxa5 41. Rc7+ Kf8 42. Bd5 Nc4 43. Rdd7 1-0

[Event "Geller Memorial"]
[Site "Moscow"]
[Date "1999.02.07"]
[Round "6.33"]
[White "Gelman, Alexander"]
[Black "Donchenko, Anatoly"]
[Result "1-0"]
[WhiteElo "2460"]
[BlackElo "2382"]
[PlyCount "102"]
[EventDate "1999.02.02"]

1. g3 d5 2. Bg2 g6 3. d3 Bg7 4. Nd2 e5 5. Ngf3 Ne7 6. O-O O-O 7. e4 c6 8. Re1
d4 9. Nc4 b5 10. Ncd2 h6 11. a4 Be6 12. c3 dxc3 13. bxc3 Qxd3 14. Ba3 Qd8 15.
Bf1 Qc7 16. axb5 cxb5 17. Bxb5 Rd8 18. Qa4 Nc8 19. Bb4 Nb6 20. Ba5 N8d7 21. Qc2
Bf8 22. Reb1 Rac8 23. Nf1 Bc5 24. Qe2 Nf6 25. Rb2 Rb8 26. Ne1 Bg4 27. Qc2 Qb7
28. Bd3 Bh3 29. Bb4 Bxb4 30. Rxb4 Rd7 31. c4 Rc7 32. Ne3 Qc8 33. Qb2 Nfd7 34.
Nf3 Nc5 35. Bc2 f6 36. Nd5 Rf7 37. Nd2 Kg7 38. Ra5 Be6 39. Rbb5 Nbd7 40. Rxa7
Rxb5 41. Qxb5 Nb8 42. Ra5 Nba6 43. Nb3 Bxd5 44. Nxc5 Nc7 45. Qb4 Bc6 46. Ba4
Ba8 47. Ra7 Kg8 48. Bd7 Qd8 49. Qb6 Rxd7 50. Nxd7 Qxd7 51. Qb8+ Kf7 1-0

[Event "Geller Memorial"]
[Site "Moscow"]
[Date "1999.02.07"]
[Round "6.34"]
[White "Bochkarev, Alexander"]
[Black "Dolinskij, Boris"]
[Result "1-0"]
[WhiteElo "2457"]
[BlackElo "2376"]
[PlyCount "112"]
[EventDate "1999.02.02"]

1. e4 c5 2. Nc3 Nc6 3. Bb5 e6 4. Bxc6 bxc6 5. d3 Ne7 6. Nge2 Ng6 7. O-O Be7 8.
f4 O-O 9. f5 Ne5 10. Ng3 d5 11. Kh1 Kh8 12. Bf4 Bd6 13. Qh5 f6 14. Nce2 Bd7 15.
b3 a5 16. Nc3 Rb8 17. Rad1 Rb7 18. Na4 exf5 19. exf5 Qc7 20. Bd2 Ra7 21. Rde1
Be8 22. Qd1 Kg8 23. Bc1 Bf7 24. Be3 Raa8 25. c3 Qa7 26. Bf4 Qc7 27. Qd2 Rfe8
28. Re2 h5 29. d4 cxd4 30. cxd4 Nd7 31. Bxd6 Qxd6 32. Rxe8+ Rxe8 33. Re1 h4 34.
Ne2 h3 35. gxh3 Bh5 36. Ng3 Bf3+ 37. Kg1 Qc7 38. Rf1 Be4 39. Qc3 Qa7 40. Rc1
Ne5 41. Rf1 Re7 42. Nc5 Nd7 43. Ncxe4 dxe4 44. Qc4+ Rf7 45. Nxe4 Ne5 46. Qc5
Nd3 47. Qc4 Ne5 48. Qc3 Rd7 49. Nc5 Rd5 50. Ne6 Nd7 51. Rf4 c5 52. Qf3 Rd6 53.
Qh5 Nf8 54. Nxf8 Kxf8 55. Qh8+ Kf7 56. Rg4 g5 1-0

[Event "Geller Memorial"]
[Site "Moscow"]
[Date "1999.02.07"]
[Round "6.37"]
[White "Dokutchaev, Alexander"]
[Black "Grigoriants, Sergey"]
[Result "1-0"]
[WhiteElo "2443"]
[BlackElo "2313"]
[PlyCount "87"]
[EventDate "1999.02.02"]

1. d4 d5 2. c4 e6 3. Nf3 Nf6 4. Nc3 Be7 5. Bg5 O-O 6. e3 Nbd7 7. Rc1 c6 8. Bd3
a6 9. b3 h6 10. Bh4 b5 11. O-O bxc4 12. bxc4 dxc4 13. Bxc4 c5 14. Ne5 Qe8 15.
Nxd7 Nxd7 16. Bxe7 Qxe7 17. d5 exd5 18. Nxd5 Qe5 19. f4 Qd6 20. e4 Nb6 21. e5
Qd8 22. Nxb6 Qxb6 23. f5 Rb8 24. Qg4 Qb2 25. e6 Qf6 26. exf7+ Kh8 27. Qg6 Rb6
28. Qxf6 Rxf6 29. Rfe1 Bd7 30. Be6 Bb5 31. Rxc5 g6 32. g4 Kg7 33. h4 gxf5 34.
gxf5 Rd8 35. Re3 Rd1+ 36. Kf2 Rd2+ 37. Ke1 Rg2 38. Rc8 Rg1+ 39. Kd2 Rxf7 40.
Bxf7 Kxf7 41. Re6 Rf1 42. Rc7+ Kg8 43. Rg6+ Kf8 44. Rxh6 1-0

[Event "Geller Memorial"]
[Site "Moscow"]
[Date "1999.02.07"]
[Round "6.38"]
[White "Zakharov, Alexander S."]
[Black "Granovski, Aleksandar"]
[Result "1-0"]
[WhiteElo "2430"]
[BlackElo "2302"]
[PlyCount "59"]
[EventDate "1999.02.02"]

1. e4 c5 2. c3 d5 3. exd5 Qxd5 4. d4 Nc6 5. dxc5 Qxc5 6. Be3 Qa5 7. Na3 Nf6 8.
Nf3 e6 9. Nc4 Qc7 10. Qa4 Bd7 11. Nb6 Rd8 12. Nxd7 Rxd7 13. Bxa7 b6 14. Bxb6
Qxb6 15. Bb5 Nb8 16. Ne5 Bd6 17. Nxd7 Nbxd7 18. O-O-O Ke7 19. Qa6 Qxa6 20. Bxa6
Ra8 21. Bc4 Ng4 22. Rd4 Nge5 23. Bb3 Bc5 24. Ra4 Rd8 25. f4 Nd3+ 26. Kc2 Nf2
27. Re1 Ng4 28. Kb1 Nxh2 29. f5 Nb6 30. Ra5 1-0

[Event "Geller Memorial"]
[Site "Moscow"]
[Date "1999.02.07"]
[Round "6.39"]
[White "Skatchkov, Pavel"]
[Black "Belov, Alexei"]
[Result "1/2-1/2"]
[WhiteElo "2420"]
[BlackElo "2295"]
[PlyCount "23"]
[EventDate "1999.02.02"]

1. c4 e6 2. d4 d5 3. Nc3 Be7 4. Nf3 Nf6 5. g3 O-O 6. Bg2 dxc4 7. O-O Nc6 8. e3
Bd6 9. Qa4 e5 10. Qxc4 exd4 11. exd4 h6 12. Be3 1/2-1/2

[Event "Geller Memorial"]
[Site "Moscow"]
[Date "1999.02.07"]
[Round "6.40"]
[White "Grachev, Boris"]
[Black "Frog, Ilya"]
[Result "0-1"]
[WhiteElo "2192"]
[BlackElo "2415"]
[PlyCount "104"]
[EventDate "1999.02.02"]

1. e4 c6 2. Nc3 d5 3. Nf3 Bg4 4. h3 Bxf3 5. Qxf3 Nf6 6. g3 e6 7. d3 Bb4 8. Bd2
d4 9. Nb1 Qb6 10. b3 Bxd2+ 11. Nxd2 Qc5 12. Qd1 Na6 13. a3 Nc7 14. Bg2 Nb5 15.
Nb1 Nc3 16. Nxc3 Qxc3+ 17. Ke2 Nd7 18. Qd2 Qc5 19. h4 Qe7 20. f4 Nc5 21. Kf2 h6
22. Bf3 O-O-O 23. a4 Na6 24. a5 Qb4 25. Ke2 Qb5 26. h5 Nb4 27. Ra4 c5 28. Bg4
Kb8 29. Bf3 Rd6 30. Kf2 Ra6 31. Rha1 Qd7 32. Rd1 Qc7 33. Rda1 e5 34. f5 Rd8 35.
Kg2 Qe7 36. Rf1 Rdd6 37. Raa1 Qd8 38. g4 f6 39. Ra4 Rxa5 40. Rfa1 Rda6 41. Bd1
b5 42. Rxa5 Rxa5 43. Rxa5 Qxa5 44. c3 Nc6 45. b4 dxc3 46. Qxc3 Qxb4 47. Qc2 Nd4
48. Qa2 c4 49. dxc4 Qe1 50. Kh2 Qxd1 51. Qa6 Qc2+ 52. Kh3 Qxc4 0-1

[Event "Geller Memorial"]
[Site "Moscow"]
[Date "1999.02.07"]
[Round "6.41"]
[White "Yuferov, Sergey  N"]
[Black "Deviatkin, Andrei"]
[Result "1-0"]
[WhiteElo "2415"]
[BlackElo "2284"]
[PlyCount "141"]
[EventDate "1999.02.02"]

1. c4 Nf6 2. Nf3 e6 3. g3 d5 4. Bg2 Be7 5. O-O O-O 6. d4 dxc4 7. Qc2 a6 8. a4
Bd7 9. Qxc4 Bc6 10. Bg5 Nbd7 11. Nc3 h6 12. Bxf6 Nxf6 13. Rfe1 Bd5 14. Qd3 c5
15. Nxd5 Nxd5 16. Qb3 Qb6 17. Qxb6 Nxb6 18. Ne5 cxd4 19. Bxb7 Ra7 20. Be4 Rc7
21. a5 Nd7 22. Nxd7 Rxd7 23. Rec1 Rb8 24. Ra2 Bb4 25. Rc4 Kf8 26. Ra4 Bd6 27.
Rxd4 Rxb2 28. Bd3 Ke7 29. Bxa6 Bc5 30. Rdc4 Ba7 31. Rc1 f5 32. Bd3 g5 33. a6 h5
34. Rc3 Kf6 35. Rac4 Ke5 36. Kg2 Kd6 37. Rc8 h4 38. gxh4 gxh4 39. R3c6+ Ke5 40.
Re8 Kf4 41. Rc4+ Ke5 42. Rxh4 Rxd3 43. exd3 Rxf2+ 44. Kg3 Ra2 45. Rh6 Rxa6 46.
Kf3 Rd6 47. Ke2 Rb6 48. Re7 Ra6 49. Kf3 Bc5 50. Rc7 Kd5 51. Rh8 Bd6 52. Rc2 Ra3
53. Ke2 Ra4 54. h3 Ra1 55. Rb2 Rh1 56. Rb5+ Kc6 57. Ra5 Kb6 58. Ra4 Rh2+ 59.
Kf3 Rd2 60. Ke3 Rg2 61. Rh6 Kb5 62. Rc4 Bc5+ 63. Kf4 Rf2+ 64. Ke5 Re2+ 65. Kf6
Re3 66. Rc2 Rxd3 67. Rh7 Rd6 68. Rb7+ Kc6 69. Rb1 f4 70. Ke5 f3 71. Rxc5+ 1-0

[Event "Geller Memorial"]
[Site "Moscow"]
[Date "1999.02.07"]
[Round "6.42"]
[White "Balashov, Yuri S"]
[Black "Dubinsky, Roman"]
[Result "1/2-1/2"]
[WhiteElo "2578"]
[BlackElo "2269"]
[PlyCount "34"]
[EventDate "1999.02.02"]

1. c4 f5 2. Nc3 Nf6 3. g3 g6 4. Bg2 Bg7 5. d3 Nc6 6. e4 d6 7. Nge2 O-O 8. O-O
e5 9. h3 f4 10. gxf4 Nh5 11. Nd5 Qh4 12. f5 gxf5 13. Ng3 Nxg3 14. fxg3 Qxg3 15.
Nxc7 Rb8 16. Qf3 Qh4 17. Be3 f4 1/2-1/2